[Event "Madrid-chT"]
[Site "Madrid"]
[Date "2012.01.29"]
[Round "8.14"]
[White "Davicce Canada, Juan Antonio"]
[Black "Suarez Uriel, Adrian"]
[Result "0-1"]
[WhiteElo "2095"]
[BlackElo "2238"]
[PlyCount "106"]
[EventDate "2011.11.13"]
[EventType "team-tourn"]
[EventRounds "14"]
[EventCountry "ESP"]
[SourceTitle "EXT 2013"]
[Source "ChessBase"]
[SourceDate "2012.11.22"]
[SourceVersion "1"]
[SourceVersionDate "2012.11.22"]
[SourceQuality "1"]
[WhiteTeam "Leganes"]
[BlackTeam "La Casa del Ajedrez"]
[WhiteTeamCountry "ESP"]
[BlackTeamCountry "ESP"]

1. d4 Nf6 2. c4 g6 3. Nc3 d5 4. cxd5 Nxd5 5. e4 Nxc3 6. bxc3 Bg7 7. Bc4 c5 8. Ne2 Nc6 9. Be3 0-0 10. 0-0 Bg4 11. f3 Bd7 12. Qd2 Qa5 13. Qb2 b5 14. Bd5 cxd4 15. cxd4 Rfc8 16. Rac1 e6 17. Bxc6 Bxc6 18. Qb3 b4 19. Rb1 Rab8 20. Rfc1 Qd8 21. Rd1 Qe8 22. Qd3 a5 23. Qd2 Bb5 24. Rbc1 Rxc1 25. Nxc1 Rc8 26. Nb3 Qd8 27. Nc5 Bf8 28. Rc1 Qb6 29. Nb3 Rxc1+ 30. Qxc1 a4 31. Nc5 Bc6 32. d5 exd5 33. Ne6 Qa6 34. Nxf8 dxe4 35. fxe4 Qe2 36. Qd2 Qxd2 37. Bxd2 b3 38. axb3 axb3 39. Bc3 Kxf8 40. e5 Ke7 41. g3 Ke6 42. Kf2 Kf5 43. Ke3 Kg4 44. Kf2 Kh3 45. Kg1 g5 46. Bb2 h5 47. Bc3 g4 48. Bb2 h4 49. gxh4 Kxh4 50. Kf2 Kh3 51. Kg1 Bb5 52. Bc3 g3 53. hxg3 Kxg3 0-1

[Event "Madrid-chT"]
[Site "Madrid"]
[Date "2011.11.13"]
[Round "1.13"]
[White "Davicce Canada, Juan Antonio"]
[Black "Rojo Huerta, Gabriel"]
[Result "0-1"]
[WhiteElo "2095"]
[BlackElo "2355"]
[PlyCount "84"]
[EventDate "2011.11.13"]
[EventType "team-tourn"]
[EventRounds "14"]
[EventCountry "ESP"]
[SourceTitle "EXT 2013"]
[Source "ChessBase"]
[SourceDate "2012.11.22"]
[SourceVersion "1"]
[SourceVersionDate "2012.11.22"]
[SourceQuality "1"]
[WhiteTeam "Leganes"]
[BlackTeam "La Casa del Ajedrez"]
[WhiteTeamCountry "ESP"]
[BlackTeamCountry "ESP"]

1. d4 Nf6 2. c4 g6 3. Nc3 d5 4. cxd5 Nxd5 5. e4 Nxc3 6. bxc3 Bg7 7. Bc4 0-0 8. Ne2 c5 9. Be3 Nc6 10. 0-0 Bd7 11. Rc1 Rc8 12. Qd2 Qa5 13. Qb2 Qc7 14. Qa3 Qa5 15. Qxa5 Nxa5 16. Bd3 Rfd8 17. Rb1 e6 18. Bg5 f6 19. Be3 Bf8 20. d5 Ba4 21. c4 exd5 22. exd5 b6 23. Bd2 Nb7 24. Bc3 Kf7 25. Ng3 Nd6 26. Ne4 Nxe4 27. Bxe4 Re8 28. Bf3 Bc2 29. Rb2 Bd3 30. Rd1 Bxc4 31. a4 Bd6 32. g3 Rcd8 33. Rbd2 Re7 34. Rc1 Bb3 35. Ra1 Rde8 36. Rb2 Bc4 37. Rc1 Bd3 38. Rd1 c4 39. Bb4 Bxb4 40. Rxb4 Re1+ 41. Rxe1 Rxe1+ 42. Kg2 Bf1+ 0-1

[Event "Madrid Oliver Gonzalez Memorial 2nd"]
[Site "Madrid"]
[Date "2011.10.16"]
[Round "9"]
[White "Perez Gonzalez, Jose Manuel"]
[Black "Davicce Canada, Juan Antonio"]
[Result "1-0"]
[WhiteElo "2304"]
[BlackElo "2088"]
[PlyCount "145"]
[EventDate "2011.10.08"]
[EventType "swiss"]
[EventRounds "9"]
[EventCountry "ESP"]
[SourceTitle "CBM 144 Extra"]
[Source "ChessBase"]
[SourceDate "2011.10.28"]
[SourceVersion "1"]
[SourceVersionDate "2011.10.28"]
[SourceQuality "1"]

1. e4 c6 2. d4 d5 3. e5 Bf5 4. Nc3 Qb6 5. Nf3 e6 6. Be2 Nd7 7. 0-0 Ne7 8. b3 Bg4 9. Na4 Qc7 10. c4 Nf5 11. Bb2 Nb6 12. Nxb6 Qxb6 13. c5 Qc7 14. h3 Bxf3 15. Bxf3 Be7 16. b4 0-0 17. Qd3 f6 18. Rfe1 Rae8 19. Bg4 g6 20. Bxf5 gxf5 21. Qg3+ Kh8 22. Bc1 Rg8 23. Qf3 fxe5 24. Rxe5 Rg6 25. Bf4 Qd7 26. Re2 Bf6 27. Be5 Bxe5 28. Rxe5 Reg8 29. g3 Qf7 30. Qf4 Rf6 31. Kg2 Qh5 32. Re3 Qf7 33. Rae1 Re8 34. Qe5 Kg8 35. Rf3 Qg7 36. Rf4 Rf7 37. Qe3 Rf6 38. Qf3 Ref8 39. Re5 Qf7 40. Qa3 a6 41. Qb3 Rg6 42. a4 Qc7 43. b5 Rb8 44. Qe3 Qf7 45. Qe2 axb5 46. axb5 Qd7 47. Rf3 Ra8 48. Rb3 Kf7 49. bxc6 bxc6 50. Qb2 Ra7 51. Rb8 Rg8 52. Rxg8 Kxg8 53. Rxe6 Qxe6 54. Qb8+ Kg7 55. Qxa7+ Kg6 56. Qa4 h5 57. Qc2 Kf6 58. Qd2 Kg6 59. Qf4 Kh7 60. Kh2 Qf6 61. h4 Qg6 62. Qc7+ Kg8 63. Qd8+ Kh7 64. Qe7+ Kh8 65. Qg5 Qf7 66. Qh6+ Kg8 67. Qxc6 f4 68. Qd6 fxg3+ 69. Qxg3+ Kh7 70. c6 Qe6 71. c7 Qc8 72. Qe5 Qg4 73. Qe7+ 1-0

[Event "Madrid-chT Honor"]
[Site "Madrid"]
[Date "2010.03.07"]
[Round "13"]
[White "Barez Menendez, Hector"]
[Black "Davicce Canada, Juan Antonio"]
[Result "1-0"]
[WhiteElo "2144"]
[BlackElo "2079"]
[PlyCount "75"]
[EventDate "2009.11.22"]
[EventType "team-tourn"]
[EventRounds "13"]
[EventCountry "ESP"]
[SourceTitle "EXT 2011"]
[Source "ChessBase"]
[SourceDate "2010.11.26"]
[SourceVersion "1"]
[SourceVersionDate "2010.11.26"]
[SourceQuality "1"]

1. Nf3 d5 2. d4 Nf6 3. c4 e6 4. Nc3 Bb4 5. Qa4+ Nc6 6. Ne5 Bd7 7. Nxd7 Qxd7 8. a3 Bxc3+ 9. bxc3 0-0 10. e3 a6 11. cxd5 exd5 12. Bd3 Rfe8 13. Qc2 Na5 14. 0-0 c5 15. dxc5 Qc7 16. c4 dxc4 17. Bxc4 Nxc4 18. Qxc4 b5 19. Qf4 Qxf4 20. exf4 Rac8 21. Be3 Nd5 22. Rfc1 Nxe3 23. fxe3 Rxe3 24. Kf2 Re6 25. Rc2 Kf8 26. Rd1 Ke7 27. Rd5 f6 28. f5 Rec6 29. Ke3 R8c7 30. Kd4 Rc8 31. Re2+ Kf7 32. Rd7+ Kf8 33. Rc2 Re8 34. Kd5 Rcc8 35. c6 Re5+ 36. Kd6 Re3 37. c7 Ree8 38. Kc6 1-0

[Event "Collado Villalba op-A 26th"]
[Site "Collado Villalba"]
[Date "2009.08.24"]
[Round "4"]
[White "Davicce Canada, Juan Antonio"]
[Black "Enjuto Velasco, Roberto"]
[Result "1/2-1/2"]
[WhiteElo "2064"]
[BlackElo "2202"]
[PlyCount "43"]
[EventDate "2009.08.21"]
[EventType "swiss"]
[EventRounds "9"]
[EventCountry "ESP"]
[SourceTitle "CBM 132 Extra"]
[Source "ChessBase"]
[SourceDate "2009.11.03"]
[SourceVersion "1"]
[SourceVersionDate "2009.11.03"]
[SourceQuality "1"]

1. d4 d5 2. c4 e6 3. Nc3 Be7 4. Nf3 Nf6 5. Qc2 0-0 6. Bg5 h6 7. Bxf6 Bxf6 8. Rd1 c5 9. dxc5 Qa5 10. cxd5 exd5 11. Qd2 Bxc3 12. Qxc3 Qxc3+ 13. bxc3 Na6 14. e3 Nxc5 15. c4 dxc4 16. Bxc4 Be6 17. Bxe6 Nxe6 18. 0-0 Rfd8 19. Rxd8+ Rxd8 20. Rc1 Kf8 21. Kf1 Ke7 22. Ke2 1/2-1/2

[Event "Galapagar op 09th"]
[Site "Galapagar"]
[Date "2008.07.21"]
[Round "3"]
[White "Davicce Canada, Juan Antonio"]
[Black "Guerra Tulcan, Lenin"]
[Result "0-1"]
[WhiteElo "2075"]
[BlackElo "2302"]
[PlyCount "64"]
[EventDate "2008.07.19"]
[EventType "swiss"]
[EventRounds "9"]
[EventCountry "ESP"]
[SourceTitle "EXT 2009"]
[Source "ChessBase"]
[SourceDate "2008.11.26"]
[SourceVersion "1"]
[SourceVersionDate "2008.11.26"]
[SourceQuality "1"]

1. e4 c5 2. Nf3 Nc6 3. c4 e5 4. Nc3 d6 5. g3 Be6 6. d3 g6 7. Bg2 Bg7 8. Be3 Nge7 9. Ng5 Nd4 10. Nxe6 fxe6 11. 0-0 Nec6 12. Ne2 0-0 13. Nxd4 Nxd4 14. Qg4 Qe7 15. Bxd4 cxd4 16. Qe2 Bh6 17. Qc2 Rf6 18. Qa4 a6 19. b4 Raf8 20. f3 Be3+ 21. Kh1 g5 22. b5 axb5 23. Qxb5 R8f7 24. Qb2 Qf8 25. Qe2 h5 26. a4 h4 27. g4 h3 28. Bxh3 Rh6 29. Bg2 Rfh7 30. h3 Qf4 31. Ra2 Qg3 32. Rf2 Rxh3+ 0-1

[Event "Galapagar 8th op"]
[Site "Galapagar"]
[Date "2007.07.24"]
[Round "4.1"]
[White "Davicce Canada, Juan Antonio"]
[Black "Almagro Llamas, Pablo"]
[Result "0-1"]
[WhiteElo "2065"]
[BlackElo "2413"]
[PlyCount "94"]
[EventDate "2007.07.21"]
[EventType "swiss"]
[EventRounds "9"]
[EventCountry "ESP"]
[SourceTitle "EXT 2024"]
[Source "ChessBase"]
[SourceDate "2023.10.10"]
[SourceVersion "1"]
[SourceVersionDate "2023.10.10"]
[SourceQuality "1"]

1. d4 d5 2. c4 c6 3. Nf3 Nf6 4. e3 Bf5 5. Nc3 e6 6. Bd3 Bxd3 7. Qxd3 Bb4 8. 0-0 0-0 9. Bd2 a5 10. a3 Be7 11. b3 Nbd7 12. e4 Nc5 13. dxc5 dxe4 14. Qxd8 Rfxd8 15. Be3 exf3 16. gxf3 Rd3 17. Rac1 Rad8 18. b4 Nd7 19. f4 f5 20. Rfd1 Nb8 21. Kf1 Rxd1+ 22. Rxd1 Rxd1+ 23. Nxd1 axb4 24. axb4 Kf7 25. Nb2 Nd7 26. Nd3 Bf6 27. Bd2 h6 28. f3 Bd4 29. h3 Kf6 30. Ke2 e5 31. fxe5+ Nxe5 32. Nxe5 Kxe5 33. Kd3 g5 34. Bc1 Bg1 35. Bd2 Bd4 36. Bc1 Ba1 37. Bd2 f4 38. Be1 Kf5 39. Bf2 h5 40. b5 Bb2 41. bxc6 bxc6 42. Ke2 g4 43. fxg4+ hxg4 44. hxg4+ Kxg4 45. Be1 Bd4 46. Kd3 Bxc5 47. Ke4 Bg1 0-1